Gonystylus bancanus jewel of the peat swamp forest

Bibliographic Details
Other Authors: Ani Sulaiman, Harry, Yong, Ihsan Sabri Kamarazaman, Ismail Parlan, Mohd Azahari Faidi
Format: Book
Published: Kuala Lumpur : FRIM , 2011
Subjects:

MARC

LEADER 00000cam a2200000 7i4500
001 0000004037
005 20151008.0
020 0 0 |a 9789675221460 
090 0 0 |a 634.97   |b FRIM 2010 
245 1 0 |a Gonystylus bancanus jewel of the peat swamp forest   |c Khalil Hamzah...[et.all.] 
260 0 0 |a Kuala Lumpur :   |b FRIM ,   |c 2011 
300 |a 83 pages. :   |b ill. ;   |c 30 cm. 
650 0 0 |a Peatland conservation---Malaysia 
650 0 0 |a Trees---Malaysia 
700 1 1 |a Ani Sulaiman 
700 1 1 |a Harry, Yong 
700 1 1 |a Ihsan Sabri Kamarazaman 
700 1 1 |a Ismail Parlan 
700 1 1 |a Mohd Azahari Faidi 
998 |a JPSM 
999 |a 00785   |b Monograph   |c Open Shelf   |e Default branch